Music Quiz

Random Music or Quote Quiz

Rammstein Songs by Quote Quiz Stats

 Plays Quiz not verified by Sporcle

Also try: Spooky Beatles
Challenge
Share
Tweet
Embed
Score 0/20 Timer 04:00
0 Plays Today
Quote Song % Correct
Gefährlich ist wer Schmerzen kenntFeuer Frei
71.3%
Die Kreatur muss sterbenWaidmanns Heil
68.6%
Du bist einfach hässlichMorgenstern
67.8%
Und die Vögel singen nicht mehrOhne Dich
67%
Eine Melodie im WindSpieluhr
62.5%
Sie leben hinterm SonnenscheinEngel
56.4%
Sie kommen zu euch in der NachtMein Herz Brennt
55.8%
Sechs Herzen die brennenHaifisch
54.3%
Ich bin enttäuscht, total enttäuschtBück Dich
51.2%
Ich bin der Schatten aller BäumeMann Gegen Mann
48.3%
Quote Song % Correct
Wenn ihr keine Antwort wisst, richtig ist was richtig istRammlied
45.6%
Und wieder zähle ich die FliegenKeine Lust
44.4%
Ein MassengrabRammstein
43%
Doch es ist kein Sand mehr daSehnsucht
41.9%
Die Zeit steht still und es wird HerbstSeemann
39.3%
Der Fisch jetzt mit der Zunge küsstLaichzeit
37.7%
Das Gleichgewicht wird zum VerlustSonne
36.7%
Zum Fluch der Hahn den Morgen grüßtHeirate Mich
35.6%
Doch tausend Sonnen brennen nur für dichSpring
30.3%
Harfen schneiden sich ins FleischAdios
23.8%

You're not logged in!

Compare scores with friends on all Sporcle quizzes.
OR
Log In

You Might Also Like...

Show Comments

Extras

Top Quizzes Today


Score Distribution

Your Account Isn't Verified!

In order to create a playlist on Sporcle, you need to verify the email address you used during registration. Go to your Sporcle Settings to finish the process.

Report this User

Report this user for behavior that violates our Community Guidelines.

Details: